Al-kashaf al-'asri al-syamil li alfadz al-Quran al-karim al-kamil = : modern comprehensive index of the entire Qur'anic terms

Main Author: Abdul Majid, Abu Saiid Muhammad (Author)
Corporate Author: International Islamic University Malaysia
Subjects:
LEADER 01026cam a2200265 7i4500
001 0000038597
005 20230419090000.0
008 230419s2003 my # ### #00001may##
020 # # |a 9839727877  
020 # # |a 9789839727876  
040 # # |a UMT   |b eng   |c UMT   |d Malcat   |e rda 
090 0 0 |a BP 133   |b .A2 2003 
100 1 # |a Abdul Majid, Abu Saiid Muhammad   |e author  
245 0 0 |a Al-kashaf al-'asri al-syamil li alfadz al-Quran al-karim al-kamil = :   |b modern comprehensive index of the entire Qur'anic terms   |c ta'lif Abu Saiid Muhammad Abdul Majid . 
264 # 0 |a Kuala lumpur:   |b Reseach Centre IIUM,   |c 2003 
300 # # |a 2 v.;   |c 27 cm 
336 # # |a text --   |2 rdacontent 
337 # # |a unmediated --   |2 rdamedia 
338 # # |a volume --   |2 rdacarrier 
505 0 0 |a Volume 1,volume 2 
590 # # |a Pusat Pendidikan Asas dan Liberal 
650 0 0 |a Qur'an --   |x Indexes  
710 2 # |a International Islamic University Malaysia  
999 |a 1100026691  |b Book  |c Open Shelf  |e KOLEKSI TERBUKA 
999 |a 1100026692  |b Book  |c Open Shelf  |e KOLEKSI TERBUKA